000 03458cam a2200481 4500500
005 20251228071302.0
041 _afre
042 _adc
100 1 0 _aBriche, Corine
_eauthor
245 0 0 _aLa souffrance de la jeune fille violée : de la barbarie de l'acte... au poids de l'indifférence et de la suspicion
260 _c2004.
500 _a100
520 _aIl est impossible de nier aujourd'hui que le viol porte gravement atteinte à la dignité de la l'individu et que ses répercussions psychologiques, morales et sociales sur la vie des victimes sont considérables. Tout abus sexuel constitue une violation de l'intégrité de la personne et provoque toujours un traumatisme. Or, dans notre société, le viol demeure un crime " marginal " et les violeurs sont, parmi tous les criminels, « ceux qui jouissent de la plus grande impunité » : une minorité de viols fait l'objet d'une plainte, les condamnations demeurent peu fréquentes et les peines prononcées sont souvent dérisoires, malgré l'adoption au cours des deux dernières décennies de lois plus répressives mais qui restent empreintes d'un sexisme latent. Et les jeunes filles piégées par les « tournantes », viols collectifs perpétrés dans les cités délaissées, souffrent particulièrement de l'indifférence et de la suspi~cion, eu égard notamment aux rapports complexes et souvent ambigus entretenus entre les victimes et leurs agresseurs.
520 _aCorine BRICHE « The suffering of the young girl that has been raped : from the barbarity of the action to the weight of indifference and of suspicion » Nowadays, it is impossible to deny that rape strikes a blow at the dignity of a person and that its psychological, moral and social repercussions on the victims' lives are really important. Any sexual abuse constitutes a violation of the integrity of a person and always provokes a traumatism. However, in our society, rape is still a "marginal" crime and the rapists are, among all the criminals, those who benefit from the greatest impunity: a minority of rapes gives rise to a complaint, sentences are not frequent and are generally derisory in spite of the adoption, during the two last decades of more repressive laws but that are still influenced by a latent sexism. And the young girls who have been victims of the "tournantes" i.e. the collective rapes that take place in abandoned cities, suffer especially from the indifference and from the suspicion: this is mainly related to the fact that the relationship between the victims and their aggressors is often ambiguous and complex.
690 _a«tournante »
690 _aabus sexuel
690 _abarbarie
690 _aé
690 _aéni
690 _aéputation
690 _aérence
690 _aête
690 _ahonte
690 _ajustice
690 _asouffrance
690 _avictime
690 _aviol collectif
690 _a« tournante »
690 _abarbarity
690 _acollective rape
690 _adenial
690 _aimpunity
690 _aindifference
690 _ainvestigation
690 _ajustice
690 _areputation
690 _asexual abuse
690 _ashame
690 _asuffering
690 _avictim
786 0 _nPensée plurielle | 8 | 2 | 2004-08-01 | p. 69-80 | 1376-0963
856 4 1 _uhttps://shs.cairn.info/revue-pensee-plurielle-2004-2-page-69?lang=fr&redirect-ssocas=7080
999 _c1593547
_d1593547